The Bullet that Missed (Record no. 376255)
[ view plain ]
| 000 -LEADER | |
|---|---|
| fixed length control field | 00645nam a22002175 4500 |
| 001 - CONTROL NUMBER | |
| control field | BK0029127260 |
| 005 - DATE AND TIME OF LATEST TRANSACTION | |
| control field | 20221027102239.0 |
| 008 - FIXED-LENGTH DATA ELEMENTS--GENERAL INFORMATION | |
| fixed length control field | 220803s2022 xx 000 1 eng d |
| 020 ## - INTERNATIONAL STANDARD BOOK NUMBER | |
| International Standard Book Number | 9780593299395 : HRD |
| Terms of availability | 27.00 |
| 020 ## - INTERNATIONAL STANDARD BOOK NUMBER | |
| International Standard Book Number | 0593299396 : HRD |
| Terms of availability | 27.00 |
| 037 ## - SOURCE OF ACQUISITION | |
| Source of stock number/acquisition | Penguin Group USA, Attn: Order Processing 405 Murray Hill Pkwy, East Rutherford, NJ, USA, 07073-2136 |
| Note | SAN 201-3975 |
| 040 ## - CATALOGING SOURCE | |
| Description conventions | |
| 050 ## - LIBRARY OF CONGRESS CALL NUMBER | |
| Classification number | PS |
| 082 ## - DEWEY DECIMAL CLASSIFICATION NUMBER | |
| Classification number | 813 |
| 092 ## - LOCALLY ASSIGNED DEWEY CALL NUMBER (OCLC) | |
| Classification number | 813.0000 |
| 100 ## - MAIN ENTRY--PERSONAL NAME | |
| Personal name | Osman, Richard |
| 9 (RLIN) | 6452976 |
| 245 04 - TITLE STATEMENT | |
| Title | The Bullet that Missed |
| 264 #1 - Production, Publication, Distribution, Manufacture, and Copyright Notice. | |
| Name of producer, publisher, distributor, manufacturer | Penguin Group USA |
| Date of production, publication, distribution, manufacture, or copyr | 2022 |
| Place of production, publication, distribution, manufacture | Great Britain |
| 300 ## - PHYSICAL DESCRIPTION | |
| Extent | 368 p. ; |
| 942 ## - ADDED ENTRY ELEMENTS (KOHA) | |
| Source of classification or shelving scheme | Dewey Decimal Classification |
| Koha item type | BOOK |
| Withdrawn status | Lost status | Source of classification or shelving scheme | Damaged status | Not for loan | Collection code | Home library | Current library | Shelving location | Date acquired | Source of acquisition | Serial Enumeration / chronology | Total Checkouts | Total Renewals | Full call number | Barcode | Date last seen | Date checked out | Cost, replacement price | Price effective from | Koha item type |
|---|---|---|---|---|---|---|---|---|---|---|---|---|---|---|---|---|---|---|---|---|
| Dewey Decimal Classification | Fiction | Wasatch County Library | Wasatch County Library | First Floor | 10/27/2022 | Micromarketing | Thursday Murder Club #3 | 25 | 16 | F Osman | 34301001894924 | 02/10/2026 | 02/03/2026 | 27.00 | 10/27/2022 | BOOK |
